[Event "Gausdal Byggern Masters"]
[Site "Gausdal"]
[Date "2005.10.04"]
[Round "4"]
[White "Carlsen, Magnus"]
[Black "Burmakin, Vladimir"]
[Result "1-0"]
[WhiteElo "2570"]
[BlackElo "2508"]
[PlyCount "117"]
[EventDate "2005.10.01"]
[EventType "swiss"]
[EventRounds "9"]
[EventCountry "NOR"]
[SourceTitle "CBM 108 Extra"]
[Source "ChessBase"]
[SourceDate "2005.11.04"]
[SourceVersion "1"]
[SourceVersionDate "2005.11.04"]
[SourceQuality "1"]

1. d4 {Radjabov,Teimour} c6 2. c4 d5 3. Nf3 Nf6 4. Nc3 a6 5. e3 b5 6. c5 g6 7. Ne5 Bg7 8. Be2 O-O 9. O-O Nfd7 10. f4 Nxe5 ({RR} 10... a5 11. a3 f6 12. Nf3 ({RR} 12. Nd3) ({RR} 12. Nxc6 Nxc6 13. Nxd5) 12... f5 13. Bd2 Nf6 14. Be1 Kh8 15. Bh4 Be6 16. Ne5 Qc7 17. Qe1 Nbd7 18. Bg5 Nxe5 19. fxe5 Ne4 20. Nxe4 fxe4 ({RR} 20... dxe4 21. Qh4 Ra7 22. g4 Qd7 23. gxf5 gxf5 24. Kh1) 21. Qh4 Rxf1+ ({RR} 21... Rae8 22. Rxf8+ Bxf8 23. Rf1 Kg8 24. Qg3 Bg7 25. h4 Rf8 26. Bf4) 22. Rxf1 Re8 23. Bg4 ({RR} 23. Qg3) 23... Qd7 ({RR} 23... Bxg4 24. Qxg4 e6 25. Bf6 Kg8 26. Bxg7 Qxg7 27. Rf6 ({RR} 27. Qh3) 27... Qh6 28. Kf2) ({RR} 23... Qc8 24. Rf7 Bxg4 25. Bh6 Qe6 ({RR} 25... Be6 26. Bxg7+ Kg8 27. Bf6 Bxf7 28. Qh6) ({RR} 25... Qd7 26. Rxg7 Be6 27. Qg5) ({RR} 25... Bxe5 26. Bf4 Bg7 27. Be5) 26. Rxg7) 24. Rf7 Bxg4 ({RR} 24... Kg8 25. Bxe6 Qxe6 26. Rxe7 Rxe7 27. Bxe7 a4 ({RR} 27... h5 28. b3 ({RR} 28. Bd6 Bh6) ({RR} 28. Bg5 a4 29. Bf4 Qd7 30. Kf1 Kf7 31. h3 Ke6 32. g4 Qe7 33. Qxe7+ Kxe7 34. gxh5 gxh5 35. Kf2)) 28. Bd6 h5 29. Qd8+ Kh7 30. Qc7) 25. Bf6 {Radjabov,T (2751)-Bu,X (2708) Sofia 2008 CBM 124 [Radjabov,Teimour] 1-0 (41)} {RR} Rg8 26. Rxe7 Qf5 ({RR} 26... Qc8 27. Bxg7+ Rxg7 28. Qf6 Qg8 29. e6 h5 30. Rxg7 Qxg7 31. Qd8+) 27. h3 ({RR} 27. Rf7 g5) 27... Be2 ({RR} 27... Bh5 28. Rf7 Bxf6 29. Rxf6 Qd7 30. g4 Qd8 31. Qf2) ({RR} 27... Bxh3 28. Qxh3) 28. Rxg7) 11. fxe5 f6 ({RR} 11... a5 12. e4 dxe4 13. Nxe4 Be6 14. a4 b4 15. Be3 Bd5 16. Nd2 Na6 17. Nc4 Nc7 18. Nb6 Ra7 19. Bf3 Bxf3 20. Qxf3 Nd5 21. Nxd5 Qxd5 22. Qxd5 cxd5 23. Rac1 Rc8 24. Kf2 Rc6 25. Ke2 f6 26. exf6 {Wojtaszek,R (2637)-Burmakin,V (2627) Barbera del Valles 2009 ½-½ (66)}) 12. exf6 Rxf6 $146 ({RR} 12... exf6 13. Bf3 f5 14. Bd2 a5 {½-½ (14) Dreev,A (2698)-Ni,H (2611) ICC INT 2004}) ({RR} 12... exf6 13. e4 b4 14. Na4 dxe4 15. Bc4+ Kh8 16. Bf4 Nd7 17. Qe2 f5 18. Rad1 a5 19. Bd6 Re8 20. d5 Bb7 21. dxc6 Bxc6 22. Bb5 Qc8 23. Nb6 Nxb6 24. cxb6 Qb7 25. Bc7 Re7 26. Bxc6 Qxc6 27. Rc1 {Pedersen,S (2435)-Van Delft,M (2400) Germany 2006 1-0 (55)}) 13. Rxf6 Bxf6 14. e4 dxe4 15. Be3 Be6 16. Nxe4 Nd7 17. Nxf6+ Nxf6 18. Bf4 Qd7 19. Qd2 Rf8 20. Be5 Bg4 21. Bf1 Qd5 22. h3 Nd7 23. Bf4 Be6 24. a3 Rd8 25. Re1 Bf7 26. Qe3 e5 27. Bxe5 Nxe5 28. dxe5 Be6 29. b4 Qd4 30. Qxd4 Rxd4 31. Be2 Re4 32. Kf2 Rxe5 33. Bf3 Rxe1 34. Kxe1 Bd7 35. Kd2 Kf7 36. Ke3 Kf6 37. Kd4 h6 38. h4 g5 39. hxg5+ hxg5 40. Be4 Be8 41. g3 Bd7 42. Bg2 Be8 43. Bh3 Bf7 44. Bg2 Be8 45. Be4 Bd7 46. Bc2 Bf5 47. Bd1 Be6 48. Bf3 Bd7 49. Be4 Be8 50. Bc2 Bh5 51. a4 Bf3 52. a5 Bh1 53. Bd3 Bg2 54. g4 Bf3 55. Bf5 Ke7 56. Ke5 Be2 57. Bc8 Kd8 58. Bxa6 Bxg4 59. Kd6 1-0

[Event "Gausdal Byggern Masters"]
[Site "Gausdal"]
[Date "2005.10.07"]
[Round "7"]
[White "Antic, Dejan"]
[Black "Carlsen, Magnus"]
[Result "0-1"]
[WhiteElo "2519"]
[BlackElo "2570"]
[PlyCount "84"]
[EventDate "2005.10.01"]
[EventType "swiss"]
[EventRounds "9"]
[EventCountry "NOR"]
[SourceTitle "CBM 108 Extra"]
[Source "ChessBase"]
[SourceDate "2005.11.04"]
[SourceVersion "1"]
[SourceVersionDate "2005.11.04"]
[SourceQuality "1"]

1. d4 Nf6 2. c4 e6 3. Nf3 b6 4. g3 Ba6 5. b3 Bb4+ 6. Bd2 Be7 7. Nc3 O-O 8. Qc2 d5 9. cxd5 Nxd5 10. Nxd5 exd5 11. e3 Bxf1 12. Kxf1 c5 13. Kg2 Nc6 $146 ({RR} 13... Nd7 14. dxc5 bxc5 15. Rhd1 Nf6 16. Bc3 Ne4 17. Rac1 Qd6 18. Ba5 Qa6 19. Rxd5 Nxf2 20. Qxf2 Qxa5 21. e4 Qb6 22. Ne5 Qh6 23. Rf1 f6 24. Nd7 Rfe8 25. e5 Qh5 26. Qd2 Bf8 27. Rxf6 Qg4 28. Qd3 {Beliavsky,A (2650)-Wu,S (2544) Bled 2002 1-0}) 14. Bc3 Qd7 15. Rhe1 Rac8 16. Qb2 Qg4 17. dxc5 bxc5 18. Ne5 Nxe5 19. Bxe5 Rfd8 20. Rad1 Bf8 21. Bc3 Qe4+ 22. Kg1 h5 23. Qe2 h4 24. f3 Qg6 25. Ba5 Rd6 26. g4 Ra6 27. Qb5 d4 28. exd4 cxd4 29. b4 Re6 30. Qf5 Rxe1+ 31. Rxe1 Qc6 32. Kg2 g6 33. Qe4 Qc4 34. Kh3 Bd6 35. Re2 d3 36. Qxc4 Rxc4 37. Re8+ Kh7 38. Rd8 Rd4 39. b5 d2 40. Bxd2 Rxd2 41. g5 Rxh2+ 42. Kg4 Bc5 0-1

[Event "Samba Cup 2nd"]
[Site "Skanderborg"]
[Date "2005.10.16"]
[Round "3"]
[White "Miton, Kamil"]
[Black "Carlsen, Magnus"]
[Result "1-0"]
[WhiteElo "2636"]
[BlackElo "2570"]
[PlyCount "113"]
[EventDate "2005.10.14"]
[EventType "tourn"]
[EventRounds "9"]
[EventCountry "DEN"]
[EventCategory "16"]
[SourceTitle "CBM 110"]
[Source "ChessBase"]
[SourceDate "2006.01.31"]
[SourceVersion "1"]
[SourceVersionDate "2006.01.31"]
[SourceQuality "1"]

1. d4 Nf6 2. c4 g6 3. Nc3 d5 4. Qb3 dxc4 5. Qxc4 Bg7 6. e4 O-O 7. Be2 c6 8. Nf3 b5 9. Qb3 Qa5 10. Bd2 ({RR} 10. Nd2 Be6 11. Qc2 Rd8 12. e5 Nd5 13. Nxd5 Rxd5 14. Qc3 b4 15. Qe3 c5 16. Nc4 Qc7 17. dxc5 Rxc5 18. b3 Bxc4 19. bxc4 Rxe5 20. Qf3 Rxe2+ 21. Kxe2 Qxc4+ 22. Ke1 Qc3+ {0-1 (22) Krasenkow,M (2607)-Mamedyarov,S (2747) Jurmala 2012}) ({RR} 10. e5 Be6 11. Qc2 Bf5 12. Bd3 Bxd3 13. Qxd3 Nd5 14. h4 h5 15. O-O Nxc3 16. bxc3 e6 17. g4 hxg4 18. Ng5 Qd8 19. h5 Qe7 20. hxg6 f6 21. Nh7 Re8 22. Ba3 Qxa3 23. exf6 {1-0 (23) Wen,T (2306)-Yilmaz,B (2023) Belgrade SRB 2023}) 10... Be6 $146 ({RR} 10... Qb6 11. O-O Na6 12. Rfc1 Be6 13. Qd1 Rfd8 14. h3 Qb7 15. Be3 b4 16. Na4 Rac8 17. Bxa6 Qxa6 18. Nc5 Qb5 19. Nxe6 fxe6 20. Qb3 Kh8 {1-0 (20) Montes Orozco,M (2120)-Flores Ordaz,J (1498) Montevideo 2022}) ({RR} 10... Qb6 11. O-O Na6 12. Rfc1 Be6 13. Qd1 Rfd8 14. h3 Qb7 15. Be3 b4 16. Na4 Rac8 17. Bxa6 Qxa6 18. Nc5 Qb5 19. Nxe6 fxe6 20. Qb3 Kh8 {1-0 (20) Montes Orozco,M (2120)-Flores Ordaz,J (1498) Montevideo 2022}) 11. Qc2 b4 12. Nb1 Qb6 13. O-O Nbd7 14. Be3 Bxa2 15. Nfd2 Bxb1 16. Rfxb1 a5 17. d5 c5 18. Nc4 Qc7 19. f4 Rfe8 20. Bf3 e5 21. dxe6 fxe6 22. Rd1 e5 23. Nd6 c4 24. Be2 Re7 25. Qxc4+ Qxc4 26. Bxc4+ Kf8 27. f5 Ng4 28. Bg5 Ndf6 29. h3 Bh6 30. Bxh6+ Nxh6 31. g4 g5 32. Bd5 Nxd5 33. Rxd5 a4 34. Nc4 Nf7 35. Rb5 Rd7 36. Nb6 Rb7 37. Nxa8 Rxb5 38. Rxa4 Rb7 39. Ra6 b3 40. Kf2 Rd7 41. Ke3 Rd1 42. Nb6 Re1+ 43. Kd3 Rd1+ 44. Kc3 Nd6 45. Nd7+ Ke7 46. Nxe5 Nxe4+ 47. Kxb3 Nc5+ 48. Kc2 Nxa6 49. Kxd1 Kf6 50. Nd3 h5 51. Kd2 Nc7 52. Ke3 hxg4 53. hxg4 Nb5 54. b4 Nd6 55. Kd4 Ke7 56. Kd5 Ne8 57. Kc6 1-0

[Event "Samba Cup 2nd"]
[Site "Skanderborg"]
[Date "2005.10.23"]
[Round "9"]
[White "Carlsen, Magnus"]
[Black "Hansen, Curt"]
[Result "1/2-1/2"]
[WhiteElo "2570"]
[BlackElo "2607"]
[Annotator "Babula,Vlastimil"]
[PlyCount "91"]
[EventDate "2005.10.14"]
[EventType "tourn"]
[EventRounds "9"]
[EventCountry "DEN"]
[EventCategory "16"]
[SourceTitle "CBM 110"]
[Source "ChessBase"]
[SourceDate "2006.01.31"]
[SourceVersion "1"]
[SourceVersionDate "2006.01.31"]
[SourceQuality "1"]

1. d4 Nf6 2. c4 e6 3. Nf3 d5 4. Nc3 Be7 5. Bg5 O-O 6. e3 Nbd7 7. Qc2 {White waits with the development of his f1 and makes useful move as he would like (after possible d5xc4) to capture on c4 in one step .} ({Other, more frequent option is} 7. Rc1 {with the same idea. By playing the text move White keeps the chance to put his a1 also on the d1 square.}) 7... h6 {Black forces White to show his intention with his g5,} ({possible is also direct} 7... c5) 8. Bh4 {A simple retreat,} ({other options are more interesting:} 8. cxd5 exd5 (8... hxg5 $6 9. dxe6 fxe6 10. Nxg5 $40 {is very risky}) 9. Bf4) ({or} 8. h4 {, what leads to sharp play.}) 8... c5 {The insertion of moves h7-h6 Bg5-h4 is probably more useful for Black, but it is not so significant.} 9. Rd1 Qa5 10. cxd5 Nxd5 11. Bxe7 Nxe7 12. Be2 Nd5 $5 {[%mdl 8] A new attempt, Black will exchange his passive  and also change the pawn structure.} ({In the position with the symmetrical pawn structure White easily keeps an edge due to his better development, for example} 12... Nf6 13. O-O Bd7 14. Ne5 cxd4 15. Nxd7 Nxd7 16. Rxd4 $14 {1-0 Hansen,C-Jakobsen,O/Norresundby 1984/EXT 2000 (50)}) 13. O-O Nxc3 14. bxc3 b6 $5 {Black closes his queen on the queenside and believes that he will get here an effective counterplay and will not need the queen else-where.} (14... Qc7 {[%cal Yb7b6,Yc8b7] looks more natural.}) 15. Nd2 $5 {[%csl Ra5][%cal Yd2c4]} (15. e4 {gives no advantage:} cxd4 16. cxd4 Ba6 $11) 15... Ba6 16. Nc4 $146 ({RR} 16. Nb3 Qa4 17. c4 cxd4 18. Rxd4 Nc5 19. Qc3 Rac8 20. Rg4 f6 21. Nd4 e5 22. Nf5 Rc7 23. Nxh6+ Kh7 24. Nf5 Bc8 25. Bd3 Nxd3 26. Qxd3 Bxf5 27. Qxf5+ Kg8 28. Rh4 Rfc8 29. Qe6+ {1-0 (29) Artemiev,V (2716)-Hansch,K (2300) Chess.com INT 2020}) ({RR} 16. Nb3 Qa4 17. c4 cxd4 18. Rxd4 Nc5 19. Qc3 Rac8 20. Rg4 f6 21. Nd4 e5 22. Nf5 Rc7 23. Nxh6+ Kh7 24. Nf5 Bc8 25. Bd3 Nxd3 26. Qxd3 Bxf5 27. Qxf5+ Kg8 28. Rh4 Rfc8 29. Qe6+ {1-0 (29) Artemiev,V (2716)-Hansch,K (2300) Chess.com INT 2020}) 16... Bxc4 17. Bxc4 b5 $1 18. Be2 Rfc8 $132 {[%csl Rc3][%cal Yd7b6,Yb6a4] Black has successfully solved the opening problems, his position is OK as his counterplay on the queenside is getting real.} 19. d5 $5 exd5 20. Rxd5 Nb6 21. Rf5 {White tries to create threats against Black's monarch as most of Black's pieces are on the other side.} Rc7 22. Rd1 Na4 23. Bf3 Re8 24. Re5 {White exploits Black's weak basic rank.} Rf8 25. Rc1 a6 $11 {The position is balanced and till the end of game neither one player doesn't change it to his side.} 26. h4 Rd7 {[%cal Ya5d8] d} 27. h5 Qd8 28. c4 Rd2 29. Qf5 {[%cal Yf3e4,Yf5h7]} Qf6 30. cxb5 axb5 (30... Qxf5 31. Rxf5 axb5 32. Bc6 $11) 31. Qe4 b4 32. Re8 Qd6 33. Rxf8+ Qxf8 34. a3 Nc3 35. Qc4 Rb2 36. axb4 cxb4 37. Ra1 Rb1+ 38. Rxb1 Nxb1 39. Bd1 Qb8 40. Qd3 Nc3 41. Bb3 Qc7 42. f3 Qe7 43. Kf1 Qh4 44. Qd7 Qh1+ 45. Kf2 Qh4+ 46. Kf1 1/2-1/2

[Event "FIDE World Cup"]
[Site "Khanty-Mansiysk"]
[Date "2005.11.27"]
[Round "1.1"]
[White "Carlsen, Magnus"]
[Black "Azmaiparashvili, Zurab"]
[Result "1-0"]
[WhiteElo "2570"]
[BlackElo "2658"]
[Annotator "Marin,Mihail"]
[PlyCount "109"]
[EventDate "2005.11.27"]
[EventType "k.o."]
[EventRounds "7"]
[EventCountry "RUS"]
[SourceTitle "CBM 111"]
[Source "ChessBase"]
[SourceDate "2006.04.04"]
[SourceVersion "1"]
[SourceVersionDate "2006.04.04"]
[SourceQuality "1"]

1. d4 d5 2. c4 e6 3. Nc3 Nf6 4. cxd5 exd5 5. Bg5 c6 6. e3 Bf5 7. Qf3 Bg6 8. Bxf6 Qxf6 9. Qxf6 gxf6 10. Nf3 Nd7 11. Nh4 ({In my annotations for CBM 106 I wrote that this might be a more precise move order than} 11. g3 {½-½ Volkov,S (2612)-Slobodjan,R (2544)/Mulhouse 2005/CBM 106/[Marin] (47) when} a5 $5 {looks to be better than 11...e7 12.h4.}) 11... Bb4 $5 {This rare move is an interesting attempt to deviate from the customary course of events.} ({Now, there is no time for} 11... a5 {because} 12. f4 {cannot be met by} f5 {in view of} 13. Bd3 {winning a pawn.}) (11... Be7 12. g3 {would just transpose to the aforementioned game, which looks favourable for White.}) 12. Rc1 $146 {White prevents the weakening of the c4-square in case of a further ...xc3.} ({The main idea behind Black's last move is revealed after} 12. f4 {when the bishop can get out of danger with} Be4 $1) ({Previously, White has been successful with} 12. a3 Bxc3+ 13. bxc3 b5 14. Kd2 (14. a4 {1-0 Vaisser,A (2575)-Guigonis,D (2315)/Meribel 1998/CBM 067/[Tsesarsky] (50)}) 14... Nb6 15. Bd3 Rb8 16. g4 Nc4+ 17. Ke2 Ke7 18. Nxg6+ fxg6 19. h4 $14 {1-0 Milov,V (2653)-Bellini,F (2484)/Switzerland 2000/EXT 2001 (41)}) 12... Nb6 {[%csl Rc4,Re4][%cal Yb6c8,Yc8d6]} 13. a3 Bxc3+ 14. Rxc3 Nc8 15. f3 Nd6 {Black has achieved an optimal regroupment. However, the weakness of the king side emains a permanent source of worries.} 16. g3 a5 17. b3 ({White could have prevented the weakening of the c4-square with} 17. a4 {[%csl Yb4] but this would have provoked a complete lack of flexibility of his queen side.}) 17... a4 $146 ({RR} 17... O-O 18. Kd2 Rfe8 19. Be2 Kf8 20. Ng2 Kg7 21. Nf4 Re7 22. g4 h6 23. Rg1 Ne8 24. Rcc1 Nd6 25. Rc3 Ne8 26. Rcc1 Nd6 {½-½ (26) Milanovic,D (2500)-Miladinovic,I (2535) Ruma 2017}) 18. b4 Bb1 {[%cal Yb1a2,Ya2c4] White intended to complete his development with f2 and e2 and then prepare his minority's attack based on b5. Black hurries to prevent this plan before it even gets started, but his king side will remain hopelessly weak after the departure of the bishop.} 19. Kf2 Ba2 20. Rc1 Bc4 21. Bh3 Nb5 22. Ra1 O-O 23. Ng2 Rfd8 24. Nf4 Kf8 25. Bf5 $14 {Black's nice queen side position does not entirely compensate for the weaknesses of the other wing.} h6 26. Nh5 Ke7 27. g4 b6 28. Rhe1 Ra7 29. Ng3 Kf8 30. Bc2 c5 31. bxc5 bxc5 32. dxc5 Rc8 33. Nf5 Rxc5 34. Reb1 Rc8 35. Rb4 d4 36. exd4 Be6 37. Bxa4 Nc3 38. Bc2 h5 39. h3 hxg4 40. hxg4 Na2 41. Rb2 Rxa3 42. Rh1 Bxf5 43. Bxf5 Rca8 44. Rb7 Nc3 45. Rh8+ Kg7 46. Rh7+ Kg8 47. Rhxf7 Ra2+ 48. Ke3 Re8+ 49. Kd3 Nd1 50. Rg7+ Kh8 51. Rh7+ Kg8 52. Rhg7+ Kh8 53. Rh7+ Kg8 54. d5 Re3+ 55. Kd4 1-0

[Event "FIDE World Cup"]
[Site "Khanty-Mansiysk"]
[Date "2005.11.28"]
[Round "1.2"]
[White "Azmaiparashvili, Zurab"]
[Black "Carlsen, Magnus"]
[Result "1-0"]
[WhiteElo "2658"]
[BlackElo "2570"]
[PlyCount "105"]
[EventDate "2005.11.27"]
[EventType "k.o."]
[EventRounds "7"]
[EventCountry "RUS"]
[SourceTitle "CBM 111"]
[Source "ChessBase"]
[SourceDate "2006.04.04"]
[SourceVersion "1"]
[SourceVersionDate "2006.04.04"]
[SourceQuality "1"]

1. d4 {Atalik,Suat} Nf6 2. c4 g6 3. Nc3 d5 4. Nf3 Bg7 5. Qb3 dxc4 6. Qxc4 O-O 7. e4 Na6 8. Bg5 c5 ({RR} 8... b5 9. Qxb5 c5 10. Rd1 Rb8 11. Qa4 Qb6 12. e5 cxd4 13. Qxd4 Qxb2 14. exf6 Nb4 15. Rd2 Qc1+ 16. Nd1 exf6 17. Be3 f5 18. Qc4 Qa1 19. Nd4 f4 20. Bxf4 Ba6 21. Qc3 Bxd4 22. Qxa1 Rbe8+ 23. Be3 {Dinh,N (2041)-Nguyen Duc Hoa (2357) Johor MAS 2022 0-1 (67)}) 9. d5 e6 ({RR} 9... h6 10. Bh4 g5 ({RR} 10... b5 11. Nxb5 Qa5+ 12. Nd2 Rb8 ({RR} 12... Nxe4 13. Qxe4 Bxb2 14. Rd1 Bf5 15. Qc4 Nb4 16. g4 ({RR} 16. Be2 a6 ({RR} 16... Bc2 17. O-O Bxd1 18. Rxd1 Rac8 19. Bxe7 Rfe8 20. Nd6 Rxe7 21. Nxc8 Rd7 22. d6 Kg7 23. Ne4) 17. Qb3 Bg7 18. Na3 Qxa3 19. Qxa3 Nc2+ 20. Kf1 Nxa3 21. Bxe7 Rfc8 22. Nc4 Nxc4 23. Bxc4) 16... Bc2 ({RR} 16... Nc2+ 17. Ke2 Bxg4+ 18. Qxg4 Qxb5+ 19. Kf3 Qb7 20. Bc4 e6 21. Ne4) 17. Bxe7 Rfe8 18. d6 a6 ({RR} 18... Rxe7+ 19. dxe7 Re8 20. Be2 Rxe7 21. O-O) 19. Nc3 ({RR} 19. Nc7 Rxe7+ 20. dxe7 Qxc7 21. Be2 Bxd1) 19... Bxc3 ({RR} 19... Rad8 20. Nce4) 20. Qxc3 Rad8 ({RR} 20... Nd3+ 21. Qxd3) 21. Nc4 Rxe7+ 22. Be2 Rxe2+ ({RR} 22... Bxd1 23. dxe7 Nd3+ 24. Kxd1 Nxf2+ 25. Kc2) 23. Kxe2 Bxd1+ 24. Rxd1 Qxa2+ 25. Kf1 Nc2 ({RR} 25... Qa4 26. Ne3 Qc6 27. Qf6 Rd7 28. Kg1) 26. Ne5 ({RR} 26. Nb2) 26... Nd4 27. Rxd4) 13. Bg3 ({RR} 13. a4 Bd7 ({RR} 13... Nb4 14. Nb3) 14. Ra3 Nb4 15. Bg3 Rb7) ({RR} 13. O-O-O Ng4 14. Qb3 c4 15. Bxc4 Bd7 16. a4 Rfc8 17. Kb1 Nc5 18. Qa3 Qxa4 19. b3 Bxb5) ({RR} 13. Rc1 e6 ({RR} 13... Bd7 14. Nc3) 14. dxe6 ({RR} 14. d6 e5 15. Bxf6 Bxf6) 14... Bxe6 15. Qc3 Rxb5 ({RR} 15... Qxc3 16. Nxc3 Nb4 17. b3 Nd7 18. a3 Nc6 19. Bg3) 16. Bxf6 Bxf6 17. Qxf6 Rb6 18. a3 Rfb8 19. Qc3 Qxc3 20. bxc3 Nc7 21. Bc4 Rb2 22. Bxe6 Nxe6 23. Nc4 Ra2 24. g3 Ng5 25. e5 Ne4 ({RR} 25... Re8 26. O-O) 26. O-O Rb3) ({RR} 13. Rd1 Nb4 14. a3 Rxb5 15. f3 Rb6 16. axb4 Rxb4 17. Qc2 Nxd5 18. Bf2 Rxb2 19. Qxc5 Qxc5 20. Bxc5 Rc2 21. Bxa7 Nc3 22. Ra1 Nxe4 23. Bd3 Rxd2 24. Bxe4 Rxg2 25. Rc1 Ra2 26. Bc5 Ba6 27. Bxe7 Re8) 13... Bd7 ({RR} 13... Nxe4 14. Qxe4 Rxb5 15. Bxb5 Qxb5 16. Qc4 Qxb2 17. Rb1 Qd4 18. Qxd4 Bxd4 ({RR} 18... cxd4 19. Rb5) 19. Nb3 Bf5 ({RR} 19... Bf6 20. Ke2 Bb7 21. Rhd1 Rd8 22. Rbc1 ({RR} 22. Na5 Bxd5 23. Nc6 Rd7 24. Ne5 Rd6) 22... Bxd5 23. Nxc5) 20. Rd1 Bc3+ 21. Ke2 Rd8 22. d6) ({RR} 13... Rb6 14. a4 ({RR} 14. Rc1 Nh5) ({RR} 14. Be5 Nb4 15. Bc3 Ba6 ({RR} 15... Rxb5 16. Qxb5 Nc2+ 17. Kd1 Qxb5 18. Bxb5 Nxa1 19. f3 ({RR} 19. Bd3 Nh5 20. Bxg7 Kxg7 21. Nc4 ({RR} 21. Ke2 f5 22. g3 fxe4 23. Nxe4 Bg4+) ({RR} 21. g3 f5 22. e5 f4) 21... f5 22. e5 Rd8 23. d6 Nf4 24. Kd2 Ba6 25. Rxa1 exd6 26. exd6 Nxd3 27. Kxd3 Rxd6+ 28. Kc3 Bxc4 29. Kxc4 Rd2) 19... Nh5 ({RR} 19... e6 20. d6 a6 21. Bd3 Nh5 ({RR} 21... Rd8 22. Ke2 Nh5 23. g3 Bxc3 24. bxc3 Rxd6 25. Rxa1) 22. Nc4) 20. Bxg7 Kxg7 21. Kc1 a6 ({RR} 21... Rd8 22. Kb1 e6 23. Kxa1 exd5 24. exd5 Rxd5 25. Nb3 a6 26. Bc4 Re5 27. Rc1) 22. Bc4 Rd8 23. Kb1) 16. Qxc5 Rxb5 ({RR} 16... Nc2+ 17. Kd1 Qa4 18. b3 Nxe4 19. bxa4 Nxc5 20. Kxc2 Nxa4 21. Bxg7 Rc8+ 22. Kd1 Kxg7 23. Nxa7) 17. Bxb5 Nd3+ 18. Bxd3 Qxc5 19. Bxa6 Ng4) 14... Nh5 15. Rb1 Nxg3 16. hxg3 Nb4 17. Qb3) 14. Bxb8 Rxb8 15. Nc3 Rxb2 16. Rc1 Ng4 17. Nb3 Bxc3+ 18. Qxc3 Qxa2 19. Nd2 Nb4 20. Bc4 Nc2+ 21. Kf1 Qa3 22. Rxc2 Qxc3 23. Rxc3 Rxd2 24. Be2 Bb5 ({RR} 24... Rb2 25. Rc1 a5 26. Ke1 a4 27. Bxg4 Bxg4 28. f3 Bd7 29. Rf1 c4 30. Rf2) 25. Bxb5) 11. Bg3 e6 12. Be2 ({RR} 12. d6 e5 13. Bxe5 ({RR} 13. Nxe5 Nh5 14. Ng6 Be6 15. Ne7+ Kh8 16. Qd3 Qb6) 13... Nb4 14. Rd1 ({RR} 14. O-O-O Be6 15. Qb5 Nxa2+ 16. Nxa2 Bxa2) ({RR} 14. Rc1 b6) 14... Nc2+ 15. Kd2 Be6 16. Qxc5 Nd7 17. Qc7 Nxe5) 12... exd5 13. exd5 b6 14. O-O Nb4 15. Rad1 Ba6 16. Qb3 Bxe2 17. Nxe2 Nbxd5 18. Nc3 Nxc3 19. Rxd8 Ne2+ 20. Kh1 Nxg3+ 21. hxg3 Raxd8 22. Re1 Rfe8 23. Rxe8+ ({RR} 23. Ne5 Re6) 23... Rxe8 24. Kg1 {Dlugy,M (2531)-Atalik,S (2575) ICC INT 2000 EXT 2003 [Atalik,Suat] ½-½ (70)}) 10. O-O-O Qa5 $146 ({RR} 10... exd5 11. Nxd5 Be6 12. Nxf6+ Qxf6 13. Bxf6 Bxc4 14. Bxg7 Bxf1 15. Bxf8 Bxg2 16. Ng5 Bxh1 17. Be7 Re8 18. Bf6 h6 19. Rxh1 hxg5 20. h4 g4 21. e5 Nb4 22. h5 Nd3+ 23. Kc2 Nxf2 24. Rh4 g5 25. Bxg5 {Zimpfer,A (1909)-Rutsatz,M (1969) Frankfurt Sossenheim 2015 0-1}) 11. Qb5 Qxb5 12. Bxb5 Nc7 13. Be2 exd5 14. exd5 Rd8 15. d6 Nce8 16. Bb5 Bd7 17. Rhe1 a6 18. Bc4 Bf5 19. Nd5 Nxd5 20. Bxd8 Rxd8 21. Rxd5 Bh6+ 22. Kd1 Nxd6 23. Ne5 Be6 24. Rd3 Bf5 25. Nxf7 Bxd3 26. Nxh6+ Kg7 27. Bxd3 Kxh6 28. Kc2 Re8 29. Rxe8 Nxe8 30. Kc3 Nc7 31. Kc4 b6 32. a4 a5 33. f4 Kg7 34. g4 Kf6 35. h4 h6 36. Be4 Kg7 37. Bc6 Kf6 38. Bf3 Ke6 39. Be4 Kf6 40. Bc6 Ke6 41. Kd3 Ke7 42. Ke3 Ke6 43. Be4 Kf6 44. g5+ Kg7 45. Bd3 Nd5+ 46. Ke4 Nb4 47. Bb1 hxg5 48. hxg5 Kf8 49. Ke5 Kf7 50. Be4 Kg7 51. Kd6 c4 52. Kc7 Na2 53. Kxb6 1-0

[Event "FIDE World Cup"]
[Site "Khanty-Mansiysk"]
[Date "2005.11.29"]
[Round "1.3"]
[White "Azmaiparashvili, Zurab"]
[Black "Carlsen, Magnus"]
[Result "0-1"]
[WhiteElo "2658"]
[BlackElo "2570"]
[PlyCount "112"]
[EventDate "2005.11.27"]
[EventType "k.o."]
[EventRounds "7"]
[EventCountry "RUS"]
[SourceTitle "CBM 111"]
[Source "ChessBase"]
[SourceDate "2006.04.04"]
[SourceVersion "1"]
[SourceVersionDate "2006.04.04"]
[SourceQuality "1"]

1. d4 Nf6 2. c4 e6 3. Nf3 b6 4. Bg5 h6 5. Bh4 Be7 6. Nc3 Bb7 7. e3 c5 8. Be2 O-O 9. O-O cxd4 10. Nxd4 a6 11. Bf3 Bxf3 12. Qxf3 Ra7 13. Rac1 Rc7 14. b3 $146 ({RR} 14. Na4 Ra7 15. b3 Qc7 16. Rfd1 Rc8 17. Nc3 Qb7 18. Qxb7 Rxb7 19. Kf1 Kf8 20. Ke2 Nc6 21. Bxf6 gxf6 22. Nxc6 Rxc6 23. a4 f5 24. Kf3 Rbc7 25. Ne2 Bf6 26. h3 h5 27. Rb1 h4 28. Rd2 Ke7 {Mollah Abdullah,A (2474)-Khatanbaatar,B (2427) Mallorca 2004 0-1 (75)}) 14... Nc6 15. Bg3 Nxd4 16. exd4 d6 17. d5 e5 18. Qe2 Nd7 19. f4 Re8 20. Qf2 Rf8 21. fxe5 dxe5 22. Qe2 f5 23. Rcd1 Bd6 24. Qh5 Qg5 25. Qxg5 hxg5 26. Be1 g4 27. a4 Nc5 28. b4 Nd7 29. c5 bxc5 30. b5 a5 31. Nb1 Ra7 32. Nd2 Nb6 33. Nb3 g6 34. Nxa5 Rfa8 35. Nc6 Rxa4 36. Bc3 e4 37. Be5 Bxe5 38. Nxe5 Kg7 39. d6 Kf6 40. Nxg4+ Ke6 41. Ne3 Rd4 42. g4 Rxd1 43. Rxd1 f4 44. Ng2 g5 45. h4 f3 46. Ne3 gxh4 47. Nf5 c4 48. d7 Nxd7 49. Rd6+ Ke5 50. Rxd7 c3 51. Rc7 Ra1+ 52. Kf2 Ra2+ 53. Kg1 c2 54. b6 Ra1+ 55. Kf2 c1=Q 56. Rxc1 Rxc1 0-1